Letošňátka /

Hlavní autor: Fischerová, Daniela, 1948-
Další autoři: Rob, Petr, 1948-
Jazyk: Čeština
Vydáno: Praha : Panorama, 1988
Vydání: 2. vyd.
Fyzický popis: [11] s. : barev. obr. ; 16x25 cm
Knihy
Uloženo v:
LEADER 00799nam a22002532a 4500
001 000781004
003 CZ BrMZK
005 20160310082758.0
008 050629s1988 xr a |||||||| ||cze d
015 |a cnb000040390 
020 |q (Brož.) :  |c 12 Kčs 
040 |a ABA001  |b cze  |d ABA001 
080 9 |a 087.5  |2 undef 
100 1 |a Fischerová, Daniela,  |d 1948-  |7 jk01031301  |4 aut 
245 1 0 |a Letošňátka /  |c Daniela Fischerová ; il. Petr Rob 
250 |a 2. vyd. 
260 |a Praha :  |b Panorama,  |c 1988  |f (PG) 
300 |a [11] s. :  |b barev. obr. ;  |c 16x25 cm 
500 |a Leporelo 
700 1 |a Rob, Petr,  |d 1948-  |7 jx20040720002  |4 ill 
910 |a BOA001  |b M2-0936.849 
990 |a BK 
991 |b 200507 
996 6 |b 2619220111  |c M2-0936.849  |l MZK  |r Sklad / do 24 hodin  |n 4  |w 000781004  |u 000010  |a 1  |e BOA001  |j MZK50  |s P